Loading...

An Introduction to Analog&Digital Communications

Bibliographic Details
Main Author: Haykin,Simon
Format: Printed Book
Published: India Wiley 1994
Subjects:
LEADER 00509nam a22001577a 4500
020 |a 9971511452 
082 |a 621.380 43  |b HAY 
100 |a Haykin,Simon 
245 |a An Introduction to Analog&Digital Communications 
260 |a India  |b Wiley  |c 1994 
300 |a xvi,652 
650 |a Fourier Analysis 
650 |a Spectral Density 
942 |c BK 
999 |c 128607  |d 128603 
952 |0 0  |1 0  |4 0  |6 621_380000000000000_43_HAY  |7 0  |8 NFIC  |9 127069  |a SPAP  |b SPAP  |c GEN  |d 2017-08-17  |l 0  |o 621.380 43 HAY  |p SPAP2244  |r 2017-08-17  |w 2017-08-17  |y BK